000 00702nam a2200229Ia 4500
003 OSt
005 20241028160037.0
008 210716s2003 xx 000 0 und d
020 _a812970062X
040 _cAIMIT LIBRARY
041 _aeng
082 _a519.5
_22
_bMARG
100 _aMarakas, George M.
_9183563
245 _aDecision support systems in the 21st century /
_cBy George M Marakas
250 _a2nd ed.
260 _aNew Delhi :
_bPearson Education ,
_c2003.
300 _axxiii,611p. ;
_bPB
_c25. 4 cm
650 _aDecisions in the organization
_9183564
650 _aThe data warehouse
_9183565
650 _aDecision style inventory
_9183566
942 _2ddc
_cBK
_e2nd
_k519.5 MARG
999 _c199127
_d199127